000
00266nam a2200109Ia 4500
008
200302s9999 xx 000 0 und d
100
_a
N. Jagadeesh
245
_a
Our Bangalore A Journey Though Time
260
_b
Sapna Books House
260
_c
1999
300
_a
131 P.,
999
_c
5448
_d
5448